00320nam a2200109Ia 4500008004100000041000800041082001300049100001700062245009700079260002500176300000900201230627s9999 xx 000 0 und d aeng a340bRED aReddi Padala aJudicial Officer Examination Course Material Multiplechoice Question Bamk For Screening Test bAsia Law Housec2010 a352p